000 01181cam a22003377a 4500
003 CHAP
005 20220329142342.0
008 000912d1998 nl r 00110 eng d
010 _a82211
011 _a83183
020 _a9291180319
035 _a93694
040 _cCHAP
082 0 4 _a630.72
_bM34
100 0 0 _aMackay, Ronald.
_969439
245 1 0 _aISNAR's archivements, impacts, and constraints :
_ban assessment of organizacional performance and institutional impact
_c/by Ronald Mackay [and others]
260 _aThe Hage, Netherlands :
_bInternational Service for National Agricultural Research
_c1998.
300 _a12
590 _aBATCH-UPD
_b10
_c20130110
_lUCH01
_h0822
590 _aBATCH-UPD
_b10
_c20130410
_lUCH01
_h0459
590 _aBATCH-UPD
_b10
_c20130914
_lUCH01
_h1653
590 _aBATCH-UPD
_b10
_c20140805
_lUCH01
_h1148
590 _aCONVERSION
_b10
_c20130109
_lUCH01
_h1346
650 1 4 _aAgricultura
_xInvestigación.
_91577
650 1 4 _aInvestigación.
_960221
650 1 4 _aPolítica agrícola.
_990283
901 _aBK
905 _aMayto Villalobos S.
942 _cLIBRO
949 _a630.72 M34
_bBC
_cLIBRO
_d33724000793816
_eLIBRO
_h96142
_i93694
_sb
999 _c82211
_d82211